Statistiques concernant Les vainqueurs en Grand Chelem - Click Quiz

Cliquez ici pour prendre le quiz!

Statistiques générales

  • Ce quiz a été pris 42 fois
  • Le résultat moyen est 8 sur 20

Statistiques - réponses

HintRéponse% Correct
Roland-Garros 2021Novak Djokovic
74%
US Open 2022Carlos Alcaraz
65%
US Open 2021Daniil Medvedev
58%
Wimbledon 2016Andy Murray
52%
Roland-Garros 2009Roger Federer
52%
Roland-Garros 2015Stan Wawrinka
52%
US Open 2020Dominic Thiem
48%
Roland-Garros 2003Juan Carlos Ferrero
48%
US Open 2009Juan Martin Del Potro
48%
US Open 2014Marin Cilic
42%
Roland-Garros 2001Gustavo Kuerten
39%
Wimbledon 2010Rafael Nadal
39%
Roland-Garros 1999André Agassi
35%
Roland-Garros 2004Gaston Gaudio
35%
US Open 2003Andy Roddick
29%
Wimbledon 2002Lleyton Hewitt
26%
Wimbledon 2001Goran Ivanisevic
23%
US Open 2002Pete Sampras
19%
Open d'Australie 2002Thomas Johansson
19%
Open d'Australie 2005Marat Safin
13%

Distribution des résultats

Percentile par nombre de réponses

% des personnes avec chaque résultat

Votre développement - résultats

Vous n’avez pas pris ce quiz